000 00815nam a2200229 a 4500
001 000021729
005 20240530073934.0
008 100910s1986 dr a 001 e spa d
040 _aDO-SdBNP
_bspa
_cBNPHU
082 _aRD864.44
_bS211r
100 1 _aSánchez Guerrero, Natacha
_945169
245 1 0 _aReflexiones sobre la vida y la muerte /
_cNatacha Sánchez ; dibujos Barbara Bosch.
260 _aSanto Domingo :
_bCorripio,
_c1986.
300 _a79 p. :
_bil. ;
_c24 cm.
650 0 _aEnsayos dominicanos
_965
650 0 _aLiteratura dominicana.
_967
650 4 _aDiarios dominicanos
_xSecciones, columnas, etc.
_944
700 1 _aBosch, Barbara,
_eil.
_945170
730 0 _aEl Nacional (República Dominicana)
_pSuma para la Convivencia
_945171
910 _aValidado. Control de calidad EMS
049 _aBNPD
999 _c21228
_d21228